| 000 | 00967cam a2200313 i 4500 | ||
|---|---|---|---|
| 999 |
_c200453975 _d72187 |
||
| 003 | TR-AnTOB | ||
| 005 | 20230822112854.0 | ||
| 007 | ta | ||
| 008 | 220405s2022 tu $r01 $$$$ tur utu | ||
| 040 |
_aTR-AnTOB _beng _erda _cTR-AnTOB |
||
| 041 | 0 | _atur | |
| 044 | _ctu | ||
| 050 | 0 | 0 | _aHC492 |
| 090 |
_aHC492 _b.T87553 2022 |
||
| 245 | 0 | 0 |
_aTürkiye ekonomisi 2021 yılı analizi ve 2022 yılı beklentileri (kriz mi makas değişimi mi?) / _cTÜRMOB. |
| 264 | 1 |
_aAnkara : _bTÜRMOB, _c2022. |
|
| 300 |
_ax, 114 pages : _bgraphs, tables ; _c21 cm |
||
| 336 |
_ametin _btxt _2rdacontent |
||
| 337 |
_aaracısız _bn _2rdamedia |
||
| 338 |
_acilt _bnc _2rdacarrier |
||
| 490 | 0 |
_aTÜRMOB yayınları ; _v509 |
|
| 504 | _aBIB | ||
| 650 | 7 |
_aEkonomik durum _2etuturkob _9135612 _zTürkiye |
|
| 651 | 7 |
_aTürkiye _xEkonomi politikası _911070 |
|
| 653 | _aEkonomik analiz | ||
| 710 | 2 |
_aTÜRMOB (Organization) _9132044 |
|
| 942 |
_2lcc _cBK |
||